[Event "1st GMA World Cup #6"]
[Site "Skelleftea SWE"]
[Date "1989.??.??"]
[Round "2"]
[White "Tal, Mikhail"]
[Black "Vaganian, Rafael"]
[Result "1/2-1/2"]
[WhiteElo "2585"]
[BlackElo "2585"]
[EventDate "1989.08.12"]
[PlyCount "31"]

1.e4 e6 2.d4 d5 3.Nd2 c5 4.Ngf3 Nc6 5.exd5 exd5 6.Bb5 Bd6 7.dxc5 Bxc5 8.
Nb3 Bd6 9.O-O Ne7 10.Bg5 O-O 11.Re1 Bg4 12.Be2 h6 13.Bh4 Re8 14.Nfd4 Bxe2 
15.Rxe2 Qb6 16.c3 1/2-1/2

[Event "1st GMA World Cup #6"]
[Site "Skelleftea SWE"]
[Date "1989.??.??"]
[Round "14"]
[White "Portisch, Lajos"]
[Black "Vaganian, Rafael"]
[Result "1/2-1/2"]
[WhiteElo "2600"]
[BlackElo "2585"]
[EventDate "1989.08.12"]
[PlyCount "27"]

1.d4 Nf6 2.c4 e6 3.Nf3 b6 4.g3 Bb7 5.Bg2 Be7 6.O-O O-O 7.Nc3 Ne4 8.Nxe4 
Bxe4 9.Ne1 Bxg2 10.Nxg2 d5 11.Qa4 dxc4 12.Qxc4 c5 13.dxc5 bxc5 14.Be3 
1/2-1/2